000 00541nam a2200229Ia 4500
003 IT-RoPAU
008 120407s9999 xx 000 0 und d
040 _aIT-RoPAU
040 _cIT-RoPAU
041 _aita
041 _bgre
100 _aJacques Maritain
245 _a“Approches sans entraves”. Scritti di filosofia cristiana.
250 _aRoma
260 _aCittà Nuova
260 _c1977
300 _c cm
490 _v1
600 _a"1° v. 317 p. 20 cm. 2° v. 404 p. 20 cm."
942 _cBK
999 _c17633
_d17633